000 00863nam a2200277 4500
001 0000016045
003 CO-CtgCURN
005 20250329191020.0
007 ta
008 160627s1996 000 0 eng d
020 _a968245445X
040 _aCO-CtgCURN
_bspa
_ccoctgcurn
082 0 _a743.4
_bM17c
100 1 _aMarin de LHotellerie, José Luis.
245 1 0 _aCroquis a lapiz de la figura humana /
_cJosé Luis Marin de LHotellerie.
260 _aMexico :
_bTrillas,
_c1996.
300 _a110 p.
336 _2rdacontent
337 _2rdamedia
_asin mediacion
_bn
338 _2rdacarrier
_avolumen
_bnc
505 8 _aDibujo - instrucción.--Croquis de linea.--Figura humana
650 1 4 _aDibujo arquitectonico.
908 _a160627
942 _cBK
_h743.4
_iM17c
_2ddc
999 _c11212
_d11212